Oświetlenie w fotografii /
שמור ב:
| מחבר ראשי: | |
|---|---|
| מחבר תאגידי: | |
| פורמט: | ספר |
| שפה: | פולנית |
| יצא לאור: |
Warszawa :
Wydawnictwa Artystyczne i Filmowe,
1969.
|
| מהדורה: | Wyd. 2. |
| נושאים: | |
| תגים: |
אין תגיות, היה/י הראשונ/ה לתייג את הרשומה!
|
MARC
| LEADER | 00000cam a2200000 i 4500 | ||
|---|---|---|---|
| 001 | 9910857989205606 | ||
| 005 | 20260515140227.0 | ||
| 008 | 041207s1969 pl a |001 0 pol c | ||
| 035 | |a 1363714-48omnis_uja | ||
| 035 | |a (UJ)vtls001363714 | ||
| 035 | |a zz2004891903 | ||
| 035 | |a (PL)b0000010615481 | ||
| 040 | |d KR U | ||
| 040 | |a KR U |c KR U | ||
| 090 | |c 102 |d 101 | ||
| 100 | 1 | |a Dederko, Witold |d (1906-1988) | |
| 245 | 1 | 0 | |a Oświetlenie w fotografii / |c Witold Dederko. |
| 250 | |a Wyd. 2. | ||
| 260 | |a Warszawa : |b Wydawnictwa Artystyczne i Filmowe, |c 1969. | ||
| 300 | |a 190, [2] s., [32] s. tabl. : |b il., err. ; |c 21 cm. | ||
| 504 | |a Indeks. | ||
| 650 | |a Fotografia |x oświetlenie. | ||
| 650 | 0 | |a Photography |x Lighting | |
| 710 | 2 | |a Wydawnictwa Artystyczne i Filmowe (Warszawa) | |
| 942 | |c K | ||
| 952 | |0 0 |1 0 |4 0 |6 R__92_000000000000000 |7 0 |9 98 |a RYT |b RYT |d 2026-05-13 |e 1/2014 |g 10.00 |l 0 |o R.92 |p 2000000000923 |r 2026-05-15 14:02:27 |w 2026-05-15 |y BK |z da | ||
| 999 | |c 98 |d 98 | ||